00000000nas##2200000za#4500
0019.511154
003CaOODSP
00520210929082751
007ta
008150406c2001||||xxc|| p #||||f|   |0eng|d
022 |a1700-8832
040 |aCaOODSP|beng
041 |aeng
041 |afre
043 |an-cn---
0861 |aFo102-1
1101 |aCanada. |bNatural Resources Canada. |bCanadian Forest Service.
24510|aForest health & biodiversity news / |cIssued by the Atlantic Forestry Centre for the Forest Biodiversity and Forest Health Networks.
260 |aFredericton - Connecticut : |bNatural Resources Canada.
310 |aIrregular
3621 |aVol. 5, No. 2, Fall 2001--
500 |aContinues "Network news : forest health & biodiversity", from Vol. 5, No. 2, Fall, 2001. ISSN (1206-7210) of previous title has been printed in these issues.
5203 |aThis newsletter, published one to two times a year, contains articles on issues that affect the health and biodiversity of Canada’s forests. Topic areas include domestic and exotic insect infestations, forestry practices, and climate change, with a focus on the Canadian Forest Service’s work in this area.
563 |aSoftcover
7760#|tForest health and biodiversity news |w(CaOODSP)9.504941
7760#|tSanté et biodiversité des forêts, nouvelles |w(CaOODSP)9.501340
78500|tNetwork news : |w(CaOODSP)9.508456
792 |tSanté & biodiversité des forêts, nouvelles / |efre|w(CaOODSP)9.511155